| 000 | 00399nam a2200145Ia 4500 | ||
|---|---|---|---|
| 008 | 151021s9999 xx 000 0 und d | ||
| 020 | _a877627037 | ||
| 050 | _aNA2750 .D416 1990 | ||
| 245 | _a_Design studies vol 5 Keith D. Kedward | ||
| 260 | _aPennysylvania Technomic 1990 | ||
| 300 | _a244p.;ill | ||
| 650 | _a_Design | ||
| 700 | _a_James M.Whitney | ||
| 980 | _a^d20130614 12:09:15^oanne | ||
| 999 |
_c14185 _d14185 |
||